| 000 | 00743nam a22002175a 4500 | ||
|---|---|---|---|
| 008 | 161025b xxu||||| |||| 00| 0 eng d | ||
| 020 | _a9789339222307 | ||
| 040 |
_aEG-ScBUE _bENG _cEG-ScBUE |
||
| 082 | 0 | 4 |
_222 _a621.395 _bFAR |
| 100 | 1 |
_aFaroughi, Nikrouz. _938209 |
|
| 245 | 1 | 0 |
_aDigital Logic Design and Computer Organization : _bwith computer architecture for security / _cNikrouz faroughi. |
| 250 | _a1st ed | ||
| 260 |
_aNew Delhi : _bMcGraw Hill Education (India) Private Limited ; _cc. 2015. |
||
| 300 |
_axv, 552 p. : _bill. ; _c24 cm. |
||
| 504 | _aIncludes bibliographical references. | ||
| 590 | _ashima | ||
| 650 | 7 |
_2BUEsh _aLogic design |
|
| 651 |
_2BUEsh _aData processing. |
||
| 653 |
_bCOMSCI _cOctober2016 |
||
| 942 | _2ddc | ||
| 999 |
_c22838 _d22810 |
||